Sams teach yourself C# in 24 hours / (Record no. 474)
[ view plain ]
| 000 -LEADER | |
|---|---|
| fixed length control field | 00697nac a22002051u 4500 |
| 008 - FIXED-LENGTH DATA ELEMENTS--GENERAL INFORMATION | |
| fixed length control field | 101103s2002 ii |||||r|||| 00| 0 eng d |
| 010 ## - LIBRARY OF CONGRESS CONTROL NUMBER | |
| LC control number | 2001093572 |
| 020 ## - INTERNATIONAL STANDARD BOOK NUMBER | |
| International Standard Book Number | 0672322870 |
| 020 ## - INTERNATIONAL STANDARD BOOK NUMBER | |
| International Standard Book Number | 9780672322877 |
| 082 00 - DEWEY DECIMAL CLASSIFICATION NUMBER | |
| Classification number | 005.133 |
| Item number | FOX |
| Edition number | 22 |
| 100 ## - MAIN ENTRY--PERSONAL NAME | |
| Personal name | Foxall, James D. |
| 9 (RLIN) | 20915 |
| 245 10 - TITLE STATEMENT | |
| Title | Sams teach yourself C# in 24 hours / |
| Statement of responsibility, etc | James Foxall ; Wendy Haro-Chun, contributor. |
| 246 ## - VARYING FORM OF TITLE | |
| Title proper/short title | teach yourself C# in 24 hours |
| 260 ## - PUBLICATION, DISTRIBUTION, ETC. (IMPRINT) | |
| Place of publication, distribution, etc | Indianapolis, IN : |
| Name of publisher, distributor, etc | Sams Publishing, 2002 |
| Date of publication, distribution, etc | 2002. |
| 300 ## - PHYSICAL DESCRIPTION | |
| Extent | xvi, 506 p. : |
| Other physical details | ill. ; |
| Dimensions | 24 cm. |
| 500 ## - GENERAL NOTE | |
| General note | Includes index. |
| 650 #0 - SUBJECT ADDED ENTRY--TOPICAL TERM | |
| Topical term or geographic name as entry element | C |
| -- | (Computer program language) |
| 9 (RLIN) | 20916 |
| 700 1# - ADDED ENTRY--PERSONAL NAME | |
| Personal name | Haro-Chun, Wendy. |
| 9 (RLIN) | 20917 |
| 942 ## - ADDED ENTRY ELEMENTS (KOHA) | |
| Item type | Book - Borrowing |
| Call number prefix | 005.133 FOX |
| Source of classification or shelving scheme | Dewey Decimal Classification |
| Withdrawn status | Item status | Source of classification or shelving scheme | Damaged status | Not for loan | Vendor | Home library | Current library | Shelving location | Date acquired | Source of acquisition | Cost, normal purchase price | Total Checkouts | Total Renewals | Full call number | Barcode | Date last seen | Date last borrowed | Cost, replacement price | Koha item type |
|---|---|---|---|---|---|---|---|---|---|---|---|---|---|---|---|---|---|---|---|
| Dewey Decimal Classification | Central Library | Central Library | Lower Floor | 03/11/2010 | 280.00 | 11 | 26 | 005.133 FOX | 000004150 | 15/07/2025 | 18/12/2013 | 350.00 | Book - Borrowing |